FAO econmic and social development paper; N145 Two essays on climate change and agriculture; a developing country perspective

Spremljeno u:
Bibliografski detalji
Glavni autor: Robert Mendelsohn
Format: Knjiga
Jezik:Undetermined
Izdano: Rome FAO 2000
Teme:
Oznake: Dodaj oznaku
Bez oznaka, Budi prvi tko označuje ovaj zapis!
Thư viện lưu trữ: Trung tâm Học liệu Trường Đại học Cần Thơ
LEADER 00636nam a2200193Ia 4500
001 CTU_42715
008 210402s9999 xx 000 0 und d
082 |a 330 
082 |b F218/N145 
100 |a Robert Mendelsohn 
245 0 |a FAO econmic and social development paper; N145 
245 0 |b Two essays on climate change and agriculture; a developing country perspective 
245 0 |c Robert Mendelsohn, Dirgha Tiwari, FAO 
260 |a Rome 
260 |b FAO 
260 |c 2000 
650 |a developing countries,economics 
904 |i Nguyễn Quang Điền, 010704 
980 |a Trung tâm Học liệu Trường Đại học Cần Thơ